Этимологическое и этнолингвистическое исследование топонимов и культуронимов Курского региона как ценностного ядра ментальности и самоидентификации курян (к 1000-летию основания г. Курска) (Запись № 13692671)

Подробности
000 -МАРКЕР
контрольное поле 02591nam0a2200397 4500
001 - ИДЕНТИФИКАТОР ЗАПИСИ
контрольное поле RU\NLR\BIBL_A\022678824
005 - ИДЕНТИФИКАТОР ВЕРСИИ
контрольное поле 20260426072205.0
010 ## - МЕЖДУНАРОДНЫЙ СТАНДАРТНЫЙ НОМЕР КНИГИ (ISBN)
Номер (ISBN) 978-5-00199-012-3
Тираж 100
021 ## - НОМЕР ГОСУДАРСТВЕННОЙ РЕГИСТРАЦИИ
Код страны Российская Федерация
Номер КН-П-25-063218
Номер Листа государственной регистраци КН-П-25-6119
035 ## - ДРУГИЕ СИСТЕМНЫЕ НОМЕРА
Идентификатор записи (NLR Aleph) 022678824
100 ## - ДАННЫЕ ОБЩЕЙ ОБРАБОТКИ
Данные общей обработки 20251203d2025 k y0rusy50 ca
101 0# - ЯЗЫК РЕСУРСА
Язык текста, звукозаписи и т.д. русский
102 ## - СТРАНА ПУБЛИКАЦИИ ИЛИ ПРОИЗВОДСТВА
Страна публикации Российская Федерация
105 ## - ПОЛЕ КОДИРОВАННЫХ ДАННЫХ: ТЕКСТОВЫЕ МАТЕРИАЛЫ, МОНОГРАФИЧЕСКИЕ
Кодированные данные о монографическом текстовом документе a|||z|||010yy
181 #0 - ПОЛЕ КОДИРОВАННЫХ ДАННЫХ: ВИД СОДЕРЖАНИЯ
Код вида содержания (ISBD) i3
Код характеристики содержания (ISBD) axxe
182 #0 - ПОЛЕ КОДИРОВАННЫХ ДАННЫХ: ТИП СРЕДСТВА
Код типа средства (ISBD) n - непосредственное
200 1# - ЗАГЛАВИЕ И СВЕДЕНИЯ ОБ ОТВЕТСТВЕННОСТИ
Основное заглавие Этимологическое и этнолингвистическое исследование топонимов и культуронимов Курского региона как ценностного ядра ментальности и самоидентификации курян (к 1000-летию основания г. Курска)
Сведения, относящиеся к заглавию монография
Первые сведения об ответственности [Малыхина Т. М., Кузьмина А. В.]
Последующие сведения об ответственности Министерство науки и высшего образования Российской Федерации, Федеральное государственное образовательное учреждение высшего образования "Курский государственный университет", Кафедра русского языка
203 ## - ВИД СОДЕРЖАНИЯ И ТИП СРЕДСТВА
Вид содержания Текст
Дополнительные сведения об издании визуальный
Тип средства непосредственный
210 ## - ПУБЛИКАЦИЯ, РАСПРОСТРАНЕНИЕ И ДР.
Место издания, распространения и т.д. Курск
Имя издателя, распространителя и т. д. Изд-во Курского государственного университета
Дата издания, распространения и т.д. 2025
215 ## - ФИЗИЧЕСКАЯ ХАРАКТЕРИСТИКА
Специфическое обозначение материала и объем 165 с.
Другие сведения о физической характеристике ил.
Размеры 21
300 ## - ОБЩИЕ ПРИМЕЧАНИЯ
Текст примечания На 4-й с. обл. авт.: Малыхина Т. М., канд. филол. наук, доц., Кузьмина А. В., канд. филол. наук, доц.
300 ## - ОБЩИЕ ПРИМЕЧАНИЯ
Текст примечания Авт. указаны на 2-й с.
320 ## - ПРИМЕЧАНИЯ О НАЛИЧИИ В ДОКУМЕНТЕ БИБЛИОГРАФИИ / УКАЗАТЕЛЯ
Текст примечания Библиогр.: с. 147-165
606 1# - НАИМЕНОВАНИЕ ТЕМЫ КАК ПРЕДМЕТ
Наименование темы Русский язык
Тематический подзаголовок Топонимика
Географический подзаголовок Курская область
Системный номер авторитетной/нормативной записи 2224041
Идентификатор авторитетной/нормативной записи RU\NLR\AUTH\661335262
606 1# - НАИМЕНОВАНИЕ ТЕМЫ КАК ПРЕДМЕТ
Наименование темы Этнолингвистика
Системный номер авторитетной/нормативной записи 1627375
Идентификатор авторитетной/нормативной записи RU\NLR\AUTH\661016864
686 1# - ИНДЕКСЫ ДРУГИХ КЛАССИФИКАЦИЙ
Индекс ШГ141.12-314
686 1# - ИНДЕКСЫ ДРУГИХ КЛАССИФИКАЦИЙ
Индекс Ш100.33
701 #1 - ИМЯ ЛИЦА - АЛЬТЕРНАТИВНАЯ ОТВЕТСТВЕННОСТЬ
Начальный элемент ввода Малыхина
Часть имени, кроме начального элемента ввода Т. М.
Расширение инициалов личного имени Татьяна Моисеевна
701 #1 - ИМЯ ЛИЦА - АЛЬТЕРНАТИВНАЯ ОТВЕТСТВЕННОСТЬ
Графика поля Кириллица
Материалы, к которым относится поле rus
Начальный элемент ввода Кузьмина
Часть имени, кроме начального элемента ввода А. В.
Дополнения к именам, кроме дат канд. филол. наук
Расширение инициалов личного имени Алевтина Викторовна
Системный номер авторитетной/нормативной записи 207460
Идентификатор авторитетной/нормативной записи RU\NLR\AUTH\770207513
712 02 - НАИМЕНОВАНИЕ ОРГАНИЗАЦИИ - ВТОРИЧНАЯ ОТВЕТСТВЕННОСТЬ
Код отношения Прочие
Начальный элемент ввода Курский государственный университет
Структурное подразделение Кафедра русского языка
Системный номер авторитетной/нормативной записи 684676
Идентификатор авторитетной/нормативной записи RU\NLR\AUTH\880512063
942 ## - ДОПОЛНИТЕЛЬНЫЕ ЭЛЕМЕНТЫ ЗАПИСИ (АБИС)
Тип экземпляра АБИС Книга
980 ## - КОЛЛЕКЦИЯ
Название коллекции Национальная библиография

Нет доступных экземпляров.